Datum a čas kvízu
27.5
Celkem bodů
Celkový počet nahraných bodů na tomto kvízu bez doplňovacích otázek.
4.
Pořadí na kvízu
Konečné umístění týmu na tomto kvízu.
Zaznamenané odpovědi
| # | Otázka | Odpověď | Body | Výsledky |
|---|---|---|---|---|
| 1. | Pražský Cross Club lákal zákaz... | natáčením studentského filmu | 1 | |
| 2. | Na letišti v Helsinkách začali... | psi | 1 | |
| 3. | Ačkoli je tento formát celosvě... | Polda | 1 | |
| 4. | Velká potravinářská společnost... | PepsiCo | 1 | |
| 5. | Cale Makar, obránce týmu Color... | Dominik Kubalík | 1 | |
| 6. | Podle zdroje vody se rybníky d... | říční rybník | 0 | |
| 7. | Na obrázku vidíme dravou rybu,... | candát | 1 | |
| 8. | Největší český rybník mimo již... | Máchovo jezero, též (Velký) Dokeský rybník | 1 | |
| 9. | Většina rybníků disponuje jist... | česle / česlice | 0 | |
| 10. | Dle návrhu Štěpánka Netolickéh... | Zlatá stoka | 0 |